Religion Quiz

Random Religion or Bible Quiz

Bible Locations Quiz Stats

Quiz Updated Dec 22, 2017

Challenge
Share
Tweet
Embed
Score 0/22 Timer 05:00
0 Plays Today
Event Location % Correct
Jesus is bornBethlehem
89.1%
Eve meets the serpentGarden of Eden
86.2%
Solomon builds the templeJerusalem
84.6%
Moses parts the watersRed Sea
84.2%
The Israelites are enslaved for 400 yearsEgypt
83.3%
Where Jesus grows upNazareth
78.3%
This city's walls come tumbling downJericho
73.4%
Lot's wife looks backSodom & Gomorrah
70.9%
Moses receives the Ten CommandmentsMt. Sinai
70.5%
Jesus is baptized by John the BaptistJordan River
62.5%
Jesus is crucifiedGolgotha
55.5%
Event Location % Correct
Noah's Ark comes to restMountains of Ararat
53.3%
Conversion of SaulRoad to Damascus
52.5%
Judas betrays Jesus with a kissGarden of Gethsemane
50.7%
Daniel thrown in the lions denBabylon
47.2%
Jesus turns the water to wineCana
45.9%
City repents in response to Jonah's preachingNineveh
42.3%
Jesus walks on waterSea of Galilee
40.1%
One of the seven churches in RevelationEphesus...
31%
John has his RevelationPatmos
26.8%
Paul is shipwrecked and makes landfallMalta
17.9%
Elijah challenges the prophets of BaalMt. Carmel
14%

You're not logged in!

Compare scores with friends on all Sporcle quizzes.
Sign Up with Email
OR
Log In

You Might Also Like...

Show Comments

Extras

Top Quizzes Today


Score Distribution

Your Account Isn't Verified!

In order to create a playlist on Sporcle, you need to verify the email address you used during registration. Go to your Sporcle Settings to finish the process.